书目信息 |
| 题名: |
从中国文化到现代性:典范转移?
|
|
| 作者: | 石元康 | |
| 分册: | ||
| 出版信息: | 北京 三联书店 2000 |
|
| 页数: | ||
| 开本: | ||
| 丛书名: | 海外学人丛书 | |
| 单 册: | ||
| 中图分类: | G1 | |
| 科图分类: | ||
| 主题词: | 文化事业--概况--世界 , 文化事业--基本建设 | |
| 电子资源: | ||
| ISBN: | 7-108-01395-9 | |
| 000 | 00617nam0 2200205 450 | |
| 001 | 0735257515 | |
| 005 | 20070904094737.51 | |
| 010 | @a7-108-01395-9@d18 | |
| 100 | @a20070904d km y0chiy0120 ea | |
| 101 | 0 | @achi |
| 200 | 1 | @a从中国文化到现代性:典范转移?@Acong zhong guo wen hua dao xian dai xing:dian fan zhuan yi?@f石元康@Fshi yuan kang |
| 210 | @a北京@c三联书店@d2000 | |
| 225 | 2 | @a海外学人丛书 |
| 410 | 0 | @12001 @a海外学人丛书 |
| 606 | 0 | @a文化事业@x概况@x世界 |
| 606 | 0 | @a文化事业@x基本建设 |
| 690 | @aG1@v3 | |
| 701 | 0 | @a石元康@Ashi yuan kang |
| 801 | 0 | @aCN@bPFT@c20070904 |
| 905 | @a213230@dG1@ea2@f1 | |
| 从中国文化到现代性:典范转移?/石元康.-北京:三联书店,2000 |
| (海外学人丛书) |
| ISBN 7-108-01395-9:18 |
| ● |
| 相关链接 |
|
|
|
|
正题名:从中国文化到现代性:典范转移?
索取号:G1/a2
 
预约/预借
| 序号 | 登录号 | 条形码 | 馆藏地/架位号 | 状态 | 备注 |
| 1 | 7503294 | 275032947 | 密集书库-史法系/ [索取号:G1/a2] | 在馆 |